Capitals Without the Letters of “Luanda" - Statistics

General Stats
  • This quiz has been taken 3 times
  • The average score is 6 of 8
Answer Stats
Continents Capitals % Correct
Europe Kiev
100%
North America Mexico City
100%
Europe Moscow
100%
Europe Rome
100%
Asia Tokyo
100%
Oceania Port Moresby
67%
Asia Bishkek
33%
Europe Skopje
33%
No matching quizzes found
Score Distribution
Percent of People with Each Score
Percentile by Number Answered
Your Score History
You have not taken this quiz